[Event "CN Seniori 2011"]
[Site "Sarata Monteoru"]
[Date "2011.02.19"]
[Round "10.15"]
[White "Florescu, Codrut-Constantin"]
[Black "Bonte, Andrei-Mihai"]
[Result "1-0"]
[WhiteElo "2226"]
[BlackElo "2331"]
[PlyCount "69"]
[EventDate "2011.02.12"]

1. d4 Nf6 2. c4 g6 3. Nc3 Bg7 4. e4 d6 5. f3 O-O 6. Bg5 c5 7. d5 a6 8. a4 Qa5
9. Bd2 Qc7 10. a5 e6 11. Na4 exd5 12. cxd5 Re8 13. Be2 Nbd7 14. Nh3 Ne5 15. Nf2
h5 16. O-O Bd7 17. Nb6 Rad8 18. b4 c4 19. Rc1 Bb5 20. Bg5 Nfd7 21. f4 Ng4 22.
Nxg4 hxg4 23. Bxc4 Bxc4 24. Rxc4 Qb8 25. Bxd8 Qxd8 26. Rc8 Qe7 27. Rc7 Qxe4 28.
Nxd7 Qxb4 29. Qxg4 Qd4+ 30. Kh1 Qxd5 31. f5 Qb5 32. Qf3 Re3 33. Rc8+ Kh7 34.
fxg6+ fxg6 35. Nf6+ 1-0

[Event "CN Seniori 2011"]
[Site "Sarata Monteoru"]
[Date "2011.02.20"]
[Round "11.8"]
[White "Ardelean, George Catalin"]
[Black "Florescu, Codrut-Constantin"]
[Result "0-1"]
[WhiteElo "2506"]
[BlackElo "2226"]
[PlyCount "50"]
[EventDate "2011.02.12"]

1. e4 e5 2. Bc4 Nf6 3. d3 c6 4. Nf3 d5 5. Bb3 Bd6 6. Nc3 dxe4 7. Ng5 O-O 8.
Ncxe4 Nxe4 9. Nxe4 Be7 10. Qh5 a5 11. a4 c5 12. h4 Nc6 13. g4 Qe8 14. Ng5 h6
15. Nxf7 Rxf7 16. g5 c4 17. Bxc4 Bb4+ 18. c3 Be6 19. Bxe6 Qxe6 20. Be3 Nd4 21.
gxh6 Nc2+ 22. Ke2 Nxe3 23. Rag1 Nd5 24. Kf1 Nf4 25. Qf3 Qa2 0-1

[Event "2nd SPI Open"]
[Site "?"]
[Date "2011.07.18"]
[Round "?"]
[White "Florescu, Codrut-Constantin"]
[Black "Manole, Stefan"]
[Result "0-1"]
[WhiteElo "2266"]
[BlackElo "1981"]
[PlyCount "76"]
[EventDate "2011.??.??"]

1. e4 c6 2. d4 d5 3. Nc3 dxe4 4. Nxe4 Bf5 5. Ng3 Bg6 6. h4 h6 7. Nf3 Nd7 8. h5
Bh7 9. Bd3 Bxd3 10. Qxd3 Ngf6 11. Bf4 Qa5+ 12. Bd2 Qc7 13. O-O-O e6 14. Qe2
O-O-O 15. Ne5 Nb6 16. Ba5 Rd5 17. Bxb6 axb6 18. f4 Bd6 19. Ne4 Nxe4 20. Qxe4 c5
21. Rhe1 Rd8 22. c3 cxd4 23. Rxd4 Bxe5 24. Rc4 Rc5 25. Rxc5 Bxf4+ 26. Qxf4 bxc5
27. Qxc7+ Kxc7 28. g4 Rd5 29. Kc2 Kd6 30. a4 Rg5 31. Re4 f5 32. gxf5 exf5 33.
Rh4 Rg4 34. Rxg4 fxg4 35. Kd3 c4+ 36. Ke4 g3 37. Kf3 g2 38. Kxg2 Ke5 0-1

[Event "2nd SPI Open"]
[Site "?"]
[Date "2011.07.20"]
[Round "?"]
[White "Secheres, Adrian Simion"]
[Black "Florescu, Codrut-Constantin"]
[Result "1-0"]
[WhiteElo "2005"]
[BlackElo "2266"]
[PlyCount "55"]
[EventDate "2011.??.??"]

1. d4 Nf6 2. c4 d6 3. Nc3 Nbd7 4. e4 e5 5. d5 Nc5 6. f3 a5 7. Bg5 Be7 8. Be2
Nxd5 9. Bxe7 Nxe7 10. Qd2 Nc6 11. O-O-O Nd4 12. Kb1 O-O 13. g4 Qh4 14. h3 c6
15. f4 Nce6 16. f5 Ng5 17. Qe3 f6 18. Bd3 Bd7 19. Nge2 Ngf3 20. Rdf1 Nxe2 21.
Nxe2 Ng5 22. Qb6 Rfd8 23. Qxb7 Nf7 24. Qb3 Kf8 25. Bc2 Ke7 26. Nc3 Qg5 27. Rd1
Qh4 28. Rd2 1-0

[Event "Arad Open 2011"]
[Site "?"]
[Date "2011.08.07"]
[Round "4.3"]
[White "Florescu, Codrut-Constantin"]
[Black "Smith, Bryan G"]
[Result "1/2-1/2"]
[WhiteElo "2266"]
[BlackElo "2503"]
[PlyCount "83"]
[EventDate "2011.??.??"]

1. d4 Nf6 2. c4 g6 3. Nc3 Bg7 4. e4 d6 5. f3 O-O 6. Bg5 c5 7. d5 e6 8. Qd2 exd5
9. cxd5 h6 10. Be3 h5 11. Rb1 Na6 12. Nge2 Bd7 13. Nc1 Nh7 14. Bxa6 bxa6 15.
O-O f5 16. N1e2 g5 17. f4 g4 18. e5 dxe5 19. fxe5 Bxe5 20. Bf4 Bg7 21. Bh6 Bxh6
22. Qxh6 Qf6 23. Qxf6 Nxf6 24. Ng3 Rae8 25. Nxf5 Nxd5 26. Nh6+ Kg7 27. Nxd5
Kxh6 28. Nf6 Rd8 29. Nxd7 Rxf1+ 30. Kxf1 Rxd7 31. Rc1 Rd5 32. Ke2 Kg5 33. Rc4
Re5+ 34. Kf2 Rf5+ 35. Ke2 h4 36. Rc3 a5 37. Rc4 g3 38. hxg3 hxg3 39. Ke3 Rf2
40. Rxc5+ Kg4 41. Rc4+ Kf5 42. Rc5+ 1/2-1/2

[Event "Arad Open 2011"]
[Site "?"]
[Date "2011.??.??"]
[Round "7.5"]
[White "Florescu, Codrut-Constantin"]
[Black "Drenchev, Petar"]
[Result "0-1"]
[WhiteElo "2266"]
[BlackElo "2523"]
[PlyCount "68"]
[EventDate "2011.??.??"]

1. c4 e5 2. Nc3 Nf6 3. e3 Bb4 4. Nge2 O-O 5. a3 Bxc3 6. Nxc3 d5 7. cxd5 Nxd5 8.
Qb3 Nb6 9. Qc2 Nc6 10. Be2 Be6 11. b4 f5 12. d3 Qg5 13. g3 Rad8 14. Bb2 Qh6 15.
Bf3 e4 16. dxe4 Nc4 17. Rd1 N6e5 18. Be2 fxe4 19. Qxe4 Qf6 20. f4 Nxb2 21. Rxd8
Nf3+ 22. Bxf3 Rxd8 23. O-O c6 24. Qc2 Nc4 25. Ne4 Qe7 26. Qc3 Bd5 27. Rd1 Re8
28. Rd4 b5 29. Kf2 h6 30. Nd2 Nxe3 31. Ne4 Nf5 32. Rd1 Bxe4 33. Re1 Nd6 34. Qd4
Qf6 0-1

[Event "Arad Open 2011"]
[Site "Arad"]
[Date "2011.08.05"]
[Round "3.14"]
[White "Lupascu, Matei Alexandru"]
[Black "Florescu, Codrut-Constantin"]
[Result "0-1"]
[WhiteElo "1954"]
[BlackElo "2266"]
[PlyCount "75"]
[EventDate "2011.??.??"]

1. d4 Nf6 2. c4 g6 3. Nc3 Bg7 4. e4 d6 5. h3 O-O 6. Bg5 c5 7. d5 b5 8. cxb5 a6
9. Nf3 axb5 10. Bd3 b4 11. Ne2 Ba6 12. Bxa6 Nxa6 13. Nd2 Nd7 14. Nc4 Nb6 15.
Nxb6 Qxb6 16. Qd2 b3 17. O-O bxa2 18. Rxa2 Nb4 19. Rxa8 Rxa8 20. Nc3 Ra7 21.
Qe2 h6 22. Be3 Qa6 23. Qxa6 Rxa6 24. Bd2 Nd3 25. Rb1 Bd4 26. Be3 Bxe3 27. fxe3
Rb6 28. b3 $11 Rb4 29. Kf1 c4 30. bxc4 Rxc4 31. Rb8+ Kg7 32. Nb5 Rb4 33. Ke2
Nc5 34. e5 dxe5 35. Kf3 g5 36. g3 h5 37. Rb6 Rb2 38. h4 0-1

[Event "Arad Open 2011"]
[Site "Arad"]
[Date "2011.08.05"]
[Round "5.6"]
[White "Balla, Tamas Kristof"]
[Black "Florescu, Codrut-Constantin"]
[Result "1/2-1/2"]
[WhiteElo "2406"]
[BlackElo "2266"]
[PlyCount "59"]
[EventDate "2011.??.??"]

1. d4 Nf6 2. c4 g6 3. f3 c5 4. dxc5 Qc7 5. Nd2 Qxc5 6. e4 Bg7 7. Nb3 Qc7 8. Be3
O-O 9. Nh3 d6 10. Nf4 e6 11. Qd2 Nc6 12. Be2 a5 13. Rc1 a4 14. Na1 Nd7 15. b4
axb3 16. Nxb3 Nc5 17. O-O b6 18. h4 $11 Ra3 19. Bd1 Bb7 20. Ne2 Rfa8 21. Nc3
Bxc3 22. Qxc3 e5 23. Rb1 Rxa2 24. Nc1 R2a3 25. Qd2 Bc8 26. Be2 Be6 27. Rd1 R8a4
28. Bf2 Bxc4 29. Qxd6 Qxd6 30. Rxd6 1/2-1/2

[Event "Arad Open 2011"]
[Site "Arad"]
[Date "2011.08.10"]
[Round "8.14"]
[White "Bartha, Andrei"]
[Black "Florescu, Codrut-Constantin"]
[Result "0-1"]
[WhiteElo "2025"]
[BlackElo "2266"]
[PlyCount "88"]
[EventDate "2011.??.??"]

1. e4 c5 2. Nf3 e6 3. d4 cxd4 4. Nxd4 Nf6 5. Nc3 d6 6. Bc4 Be7 7. Bb3 O-O 8. f4
Na6 9. f5 Nc5 10. fxe6 fxe6 11. Qe2 Kh8 12. O-O a5 13. Bg5 Qb6 14. Kh1 Nxb3 15.
Nxb3 a4 16. Be3 Qa6 17. Qxa6 Rxa6 18. Nd4 Bd7 19. a3 Rc8 20. Rae1 Kg8 21. h3
Bd8 22. Bg1 Ba5 23. Re3 Bxc3 24. bxc3 e5 25. Nf3 Rac6 26. Rd1 Kf8 27. Bf2 Ke7
28. Be1 Rc4 29. Rb1 b5 30. Rb4 Rxb4 31. axb4 h6 32. Nd2 Ra8 33. g4 Bc6 34. c4
a3 35. cxb5 a2 36. Nb3 Bxe4+ 37. Kg1 Ra3 38. Bc3 Rxb3 39. cxb3 Nd5 40. Rxe4
Nxc3 41. Re1 Nb1 42. b6 a1=Q 43. b7 Qa7+ 44. Kf1 Qxb7 0-1

[Event "Arad Open 2011"]
[Site "Arad"]
[Date "2011.08.11"]
[Round "9.13"]
[White "Florescu, Codrut-Constantin"]
[Black "Marinescu, Stefan"]
[Result "1-0"]
[WhiteElo "2266"]
[BlackElo "1964"]
[PlyCount "49"]
[EventDate "2011.??.??"]

1. d4 Nf6 2. c4 g6 3. Nc3 Bg7 4. e4 d6 5. f3 O-O 6. Bg5 c6 7. Qd2 e5 8. d5 c5
9. g4 h6 10. Be3 Ne8 11. h4 Kh7 12. h5 g5 13. Bd3 Nc7 14. Nge2 a6 15. Ng3 Bd7
16. Nf5 Be8 17. Ne2 b5 18. Qa5 bxc4 19. Bxc4 Bb5 20. b3 Qd7 21. Kf2 Bf6 22. Nc3
Bd8 23. Qa3 Ra7 24. Nxd6 Qxd6 25. Bxc5 1-0

[Event "CN Seniori"]
[Site "?"]
[Date "2011.02.17"]
[Round "?"]
[White "Manea, Alexandru"]
[Black "Florescu, Codrut-Constantin"]
[Result "1-0"]
[WhiteElo "2384"]
[BlackElo "2226"]
[PlyCount "125"]
[EventDate "2011.??.??"]

1. d4 Nf6 2. Nf3 d6 3. c4 Nbd7 4. Nc3 e5 5. g3 Be7 6. Bg2 O-O 7. O-O c6 8. e4
Qc7 9. b3 a6 10. d5 c5 11. Ne1 b5 12. a4 bxc4 13. bxc4 Rb8 14. Nd3 Rb4 15. Nxb4
cxb4 16. Nb1 a5 17. Be3 Nc5 18. Nd2 Bd8 19. h3 Nfd7 20. Qc2 Ba6 21. Kh2 Bf6 22.
Rfc1 Rb8 23. Nb3 Nxb3 24. Qxb3 Nc5 25. Bxc5 Qxc5 26. Rc2 Bd8 27. Rd1 Bc8 28. h4
Bg4 29. Rdd2 Qc8 30. c5 dxc5 31. Bf1 Bb6 32. Bc4 Qd7 33. f3 Bh5 34. g4 Qe7 35.
gxh5 Qxh4+ 36. Kg2 Qxh5 37. Kg1 Bd8 38. Rh2 Qg5+ 39. Rhg2 Qh4 40. Rce2 Rb6 41.
Rg4 Qh6 42. Qc2 Qd6 43. Reg2 g6 44. Rh2 Qd7 45. Qb3 h5 46. Rgg2 Rf6 47. Rf2 Kg7
48. Rb2 Rf4 49. Rbg2 Kh6 50. Kh1 Bg5 51. Bb5 Qd6 52. Qd3 Rf6 53. Rh3 Qd8 54.
Rc2 Qc8 55. Kg2 Rd6 56. Qe2 Rb6 57. Rb2 Qc7 58. Rc2 Bf4 59. Qf2 Qe7 60. Kf1 Rb8
61. Qxc5 Qg5 62. Qg1 Qd8 63. Ke2 1-0

[Event "CAMPIONATUL NATIONAL PE ECHIPE"]
[Site "CONSTANTA, COMPLEXUL CLEOPATR"]
[Date "2010.10.04"]
[Round "1.3"]
[White "Pavel, Silviu"]
[Black "Florescu, Codrut-Constantin"]
[Result "0-1"]
[WhiteElo "2072"]
[BlackElo "2202"]
[PlyCount "31"]
[EventDate "2010.10.04"]

1. e4 c5 2. f4 Nc6 3. Nf3 e6 4. c4 Nge7 5. Nc3 d5 6. e5 Nf5 7. Bd3 dxc4 8. Bxc4
a6 9. a4 b6 10. O-O Bb7 11. Be2 h5 12. Ng5 h4 13. Bf3 Qd7 14. Qb3 Qd4+ 15. Rf2
c4 16. Qxb6 0-1

[Event "CAMPIONATUL NATIONAL PE ECHIPE"]
[Site "CONSTANTA, COMPLEXUL CLEOPATR"]
[Date "2010.10.05"]
[Round "2.3"]
[White "Florescu, Codrut-Constantin"]
[Black "Chima, Radu-Niculin"]
[Result "1-0"]
[WhiteElo "2202"]
[BlackElo "1989"]
[PlyCount "83"]
[EventDate "2010.10.04"]

1. e4 e6 2. d4 d5 3. Nc3 Nf6 4. Bg5 Be7 5. e5 Nfd7 6. h4 a6 7. Qg4 Kf8 8. Nf3
c5 9. dxc5 Nxc5 10. O-O-O Nc6 11. Bd3 b5 12. Kb1 Bd7 13. Ne2 Rc8 14. Ned4 h6
15. Nxc6 Bxc6 16. Bxe7+ Qxe7 17. Nd4 Bd7 18. h5 Qg5 19. Qe2 Be8 20. g3 Kg8 21.
f4 Qe7 22. g4 f6 23. exf6 Qxf6 24. Qe3 Bd7 25. g5 Qf8 26. Rhg1 Nxd3 27. cxd3
hxg5 28. Rxg5 Re8 29. Rdg1 Re7 30. Qe5 Rh6 31. Rg6 Kh7 32. Nf3 Qh8 33. Qg5 Qf8
34. Qe5 Qh8 35. f5 Rxh5 36. Ng5+ Kg8 37. f6 Rh1 38. Qb8+ Be8 39. f7+ Kf8 40.
fxe8=Q+ Rxe8 41. Qf4+ Ke7 42. Qc7+ 1-0

[Event "CAMPIONATUL NATIONAL PE ECHIPE"]
[Site "CONSTANTA, COMPLEXUL CLEOPATR"]
[Date "2010.10.05"]
[Round "3.4"]
[White "Tincu, Radu Laurentiu"]
[Black "Florescu, Codrut-Constantin"]
[Result "1/2-1/2"]
[WhiteElo "2167"]
[BlackElo "2202"]
[PlyCount "21"]
[EventDate "2010.10.04"]

1. d4 d5 2. Nf3 Nf6 3. g3 e6 4. Bg2 Be7 5. O-O O-O 6. b3 Nbd7 7. Bb2 c6 8. Nbd2
b6 9. c4 Bb7 10. cxd5 cxd5 11. e3 1/2-1/2

[Event "CAMPIONATUL NATIONAL PE ECHIPE"]
[Site "CONSTANTA, COMPLEXUL CLEOPATR"]
[Date "2010.10.07"]
[Round "5.5"]
[White "Baratosi, Daniel"]
[Black "Florescu, Codrut-Constantin"]
[Result "1/2-1/2"]
[WhiteElo "2369"]
[BlackElo "2202"]
[PlyCount "20"]
[EventDate "2010.10.04"]

1. e4 c5 2. Nf3 e6 3. c3 Nf6 4. e5 Nd5 5. d4 cxd4 6. Nxd4 d6 7. Bc4 Nc6 8. O-O
Be7 9. Qe2 O-O 10. Bd2 Qb6 1/2-1/2

[Event "CAMPIONATUL NATIONAL PE ECHIPE"]
[Site "CONSTANTA, COMPLEXUL CLEOPATR"]
[Date "2010.10.07"]
[Round "6.1"]
[White "Dragomir, Constantin"]
[Black "Florescu, Codrut-Constantin"]
[Result "0-1"]
[WhiteElo "2076"]
[BlackElo "2202"]
[PlyCount "100"]
[EventDate "2010.10.04"]

1. e4 c5 2. Nc3 Nc6 3. g3 g6 4. Bg2 Bg7 5. d3 d6 6. Be3 Rb8 7. Qd2 b5 8. Nd1 b4
9. f4 Qc7 10. Nf3 Bg4 11. h3 Bxf3 12. Bxf3 e6 13. O-O Nge7 14. c3 O-O 15. h4 a5
16. Rc1 a4 17. g4 Rb7 18. e5 b3 19. a3 Rd8 20. exd6 Qxd6 21. Nf2 f5 22. Rcd1
Rbd7 23. Qe2 Nd5 24. Bc1 Re7 25. Rfe1 e5 26. fxe5 Nxe5 27. Bg5 Nf6 28. gxf5
gxf5 29. Bg2 Rde8 30. Qd2 h6 31. Bf4 Nf3+ 32. Bxf3 Rxe1+ 33. Rxe1 Rxe1+ 34. Kg2
Qe7 35. Bxh6 Bxh6 36. Qxh6 Qg7+ 37. Qxg7+ Kxg7 38. Nd1 Ng4 39. Kg3 Kf6 40. d4
c4 41. Kf4 Nh2 42. Bh5 Ng4 43. Bxg4 fxg4 44. Ne3 g3 45. Kf3 g2 46. Nxg2 Rb1 47.
Ne3 Rxb2 48. Nxc4 Rc2 49. Ke4 b2 50. Nxb2 Rxb2 0-1

[Event "CAMPIONATUL NATIONAL PE ECHIPE"]
[Site "CONSTANTA, COMPLEXUL CLEOPATR"]
[Date "2010.10.08"]
[Round "7.5"]
[White "Florescu, Codrut-Constantin"]
[Black "Petrescu, Cristian"]
[Result "1/2-1/2"]
[WhiteElo "2202"]
[BlackElo "2090"]
[PlyCount "69"]
[EventDate "2010.10.04"]

1. e4 c5 2. Nf3 Nc6 3. d4 cxd4 4. Nxd4 Nf6 5. Nc3 e5 6. Ndb5 d6 7. Bg5 a6 8.
Na3 b5 9. Nd5 Be7 10. Bxf6 Bxf6 11. c3 Ne7 12. Nxf6+ gxf6 13. Bd3 Bb7 14. Qe2
d5 15. Nc2 f5 16. f3 fxe4 17. fxe4 Ng6 18. g3 dxe4 19. Bxe4 Bxe4 20. Qxe4 O-O
21. Rf1 f5 22. Rxf5 Rxf5 23. Qxf5 Qd5 24. Ne3 Qh1+ 25. Qf1 Qxh2 26. Qg2 Qxg2
27. Nxg2 Kf7 28. a4 b4 29. cxb4 Rb8 30. b5 axb5 31. a5 Ke6 32. Ne3 Ne7 33. Ke2
Nc6 34. Rh1 Nxa5 35. Rh6+ 1/2-1/2

[Event "CAMPIONATUL NATIONAL PE ECHIPE"]
[Site "CONSTANTA, COMPLEXUL CLEOPATR"]
[Date "2010.10.09"]
[Round "8.2"]
[White "Brosman, Alexandru"]
[Black "Florescu, Codrut-Constantin"]
[Result "1/2-1/2"]
[WhiteElo "1953"]
[BlackElo "2202"]
[PlyCount "66"]
[EventDate "2010.10.04"]

1. d4 Nf6 2. c4 e6 3. Nf3 b6 4. g3 Ba6 5. b3 Bb7 6. Bg2 Bb4+ 7. Bd2 a5 8. a3
Be7 9. Nc3 Ne4 10. Nxe4 Bxe4 11. O-O O-O 12. Ne1 Bxg2 13. Kxg2 d5 14. Bc3 c5
15. Nf3 Nc6 16. e3 Bf6 17. Ne5 Bxe5 18. dxe5 d4 19. exd4 cxd4 20. Bb2 Qc7 21.
f4 Rad8 22. Qf3 Ne7 23. Rfd1 Nf5 24. Rd3 b5 25. Rc1 bxc4 26. Rxc4 Qb6 27. Kh1
Rd7 28. g4 Nh4 29. Qc6 Qxc6+ 30. Rxc6 Rfd8 31. Rxd4 Rxd4 32. Bxd4 h5 33. Rd6
Rc8 1/2-1/2

[Event "CAMPIONATUL NATIONAL PE ECHIPE"]
[Site "?"]
[Date "2010.10.06"]
[Round "?"]
[White "Florescu, Codrut-Constantin"]
[Black "Szabo, Attila"]
[Result "1/2-1/2"]
[WhiteElo "2202"]
[BlackElo "2309"]
[PlyCount "23"]
[EventDate "2010.??.??"]

1. d4 Nf6 2. c4 c6 3. Nc3 d5 4. cxd5 cxd5 5. Nf3 Nc6 6. Bf4 Bf5 7. e3 e6 8. Bd3
Bxd3 9. Qxd3 Bd6 10. Bxd6 Qxd6 11. O-O O-O 12. Rac1 1/2-1/2

[Event "Festiv.  Int. de Sah Eforie 2010"]
[Site "Eforie Nord 2010"]
[Date "2010.06.23"]
[Round "7.29"]
[White "Ogleznev, Alexandr"]
[Black "Florescu, Codrut-Constantin"]
[Result "1-0"]
[WhiteElo "2320"]
[BlackElo "2132"]
[Annotator ",alex"]
[PlyCount "41"]
[EventDate "2010.??.??"]
[TimeControl "5400"]

1. e4 c5 2. Nf3 e6 3. d4 cxd4 4. Nxd4 Nf6 5. Nc3 d6 6. Be2 Be7 7. O-O O-O 8. f4
a6 9. a4 Nc6 10. Be3 Qc7 11. Kh1 Re8 12. Bf3 Bd7 13. Nb3 b6 14. Qe2 Bc8 15. a5
bxa5 16. e5 Nd7 17. Nxa5 d5 18. Nxc6 Qxc6 19. Na4 Nc5 20. Bxc5 Bxc5 21. Qc4 1-0

[Event "Festiv. International de Sah Eforie"]
[Site "?"]
[Date "2010.06.19"]
[Round "?"]
[White "Vioreanu, Bogdan-Gabriel"]
[Black "Florescu, Codrut-Constantin"]
[Result "1-0"]
[WhiteElo "2418"]
[BlackElo "2132"]
[PlyCount "129"]
[EventDate "2010.??.??"]

1. d4 Nf6 2. c4 e6 3. Nc3 Bb4 4. Qc2 O-O 5. e4 d5 6. e5 Ne4 7. Bd3 c5 8. cxd5
exd5 9. Nge2 Nc6 10. O-O cxd4 11. Nxd5 Qxd5 12. Bxe4 Qxe5 13. Bxh7+ Kh8 14. Bf4
Qf6 15. Be4 Bg4 16. Qd3 Rfe8 17. f3 Bd7 18. Rac1 a6 19. Rfd1 Rac8 20. a3 Bf8
21. Bg3 Qh6 22. Bf2 Bd6 23. g3 Bb8 24. Nxd4 Ba7 25. Rc3 Nxd4 26. Bxd4 Bb5 27.
Qc2 Bxd4+ 28. Rxd4 Rxc3 29. Qxc3 Kg8 30. a4 Qb6 31. Kg2 Bc6 32. Qb4 Qa7 33. a5
Bxe4 34. fxe4 Rc8 35. Kf3 Rc2 36. h3 Kh7 37. e5 Qc5 38. Qxc5 Rxc5 39. Ke4 Rxa5
40. Rd7 Kg6 41. Rxb7 f6 42. exf6 Kxf6 43. Rb6+ Kf7 44. Kd4 Ra1 45. Kc4 a5 46.
Rb3 Ra2 47. Kc3 Ra1 48. Ra3 Rh1 49. Rxa5 Rxh3 50. Rf5+ Ke6 51. Rf3 Kd5 52. b4
Rh1 53. Rf5+ Ke6 54. Rg5 Kf6 55. Rg4 g5 56. b5 Kf5 57. Rd4 Rh3 58. Rd3 Ke4 59.
Kc4 Rh8 60. Rd4+ Ke3 61. Rd3+ Ke4 62. Rb3 Rc8+ 63. Kb4 Kd5 64. b6 g4 65. b7 1-0

[Event "Festiv. International de Sah Eforie"]
[Site "?"]
[Date "2010.06.20"]
[Round "?"]
[White "Bogdan , Dan"]
[Black "Florescu, Codrut-Constantin"]
[Result "1/2-1/2"]
[WhiteElo "2350"]
[BlackElo "2132"]
[PlyCount "38"]
[EventDate "2010.??.??"]

1. c4 e6 2. g3 d5 3. Bg2 Nf6 4. Nf3 Be7 5. O-O O-O 6. d4 Nbd7 7. Nc3 c6 8. b3
b6 9. Bb2 Bb7 10. Qc2 c5 11. cxd5 exd5 12. Rfd1 Rc8 13. Qf5 g6 14. Qf4 c4 15.
Rac1 cxb3 16. axb3 a6 17. h4 b5 18. Bh3 Nh5 19. Qd2 f5 1/2-1/2

[Event "4th Timisoara Cup B"]
[Site "Timisoara ROM"]
[Date "2009.08.05"]
[Round "5.3"]
[White "Florescu, Codrut-Constantin"]
[Black "Postolachi, Viorel"]
[Result "0-1"]
[WhiteElo "2261"]
[BlackElo "2097"]
[PlyCount "50"]
[EventDate "2009.08.01"]

1. d4 d6 2. e4 Nf6 3. Nc3 g6 4. Bg5 Bg7 5. Qd2 O-O 6. O-O-O c6 7. f4 b5 8. Bd3
a5 9. Nf3 Qc7 10. Rdg1 a4 11. Bxf6 Bxf6 12. e5 Bg7 13. g4 b4 14. Ne4 c5 15.
dxc5 dxc5 16. Bc4 Bb7 17. Neg5 Nc6 18. Nxf7 Na5 19. Be6 Rxf7 20. Rg3 Rd8 21.
Qe2 Bd5 22. Bxf7+ Bxf7 23. Kb1 Bc4 24. Qf2 Qd7 25. b3 Qd1+ 0-1

[Event "4th Timisoara Cup B"]
[Site "Timisoara ROM"]
[Date "2009.08.06"]
[Round "6.4"]
[White "Ungureanu, Emil"]
[Black "Florescu, Codrut-Constantin"]
[Result "0-1"]
[WhiteElo "2215"]
[BlackElo "2261"]
[PlyCount "58"]
[EventDate "2009.08.01"]

1. d4 Nf6 2. Nf3 b6 3. g3 Bb7 4. Bg2 g6 5. O-O Bg7 6. c4 O-O 7. Nc3 Ne4 8. Nxe4
Bxe4 9. Ne1 Bxg2 10. Nxg2 d5 11. cxd5 Qxd5 12. e3 e5 13. dxe5 Qxe5 14. f4 Qe4
15. Qf3 Qxf3 16. Rxf3 f5 17. Rb1 c5 18. b3 Nd7 19. Bb2 Bxb2 20. Rxb2 Nf6 21.
Rf1 Rad8 22. Rc1 Ne4 23. Ne1 Rfe8 24. Kg2 Re7 25. h3 Red7 26. Rbc2 Kg7 27. g4
h6 28. gxf5 gxf5 29. Kf3 Kf6 0-1

[Event "4th Timisoara Cup B"]
[Site "Timisoara ROM"]
[Date "2009.08.07"]
[Round "7.2"]
[White "Florescu, Codrut-Constantin"]
[Black "Vavric, Pavel"]
[Result "1-0"]
[WhiteElo "2261"]
[BlackElo "2194"]
[PlyCount "147"]
[EventDate "2009.08.01"]

1. e4 d6 2. d4 Nf6 3. f3 g6 4. c4 Bg7 5. Nc3 O-O 6. Bg5 c6 7. Qd2 a6 8. Bd3 b5
9. Nge2 Nbd7 10. O-O Rb8 11. Kh1 Nb6 12. b3 Nfd7 13. cxb5 axb5 14. Nd1 Na8 15.
Rc1 Bb7 16. Nf2 Nc7 17. Ng4 Ne6 18. Bh6 Qb6 19. Bxg7 Nxg7 20. f4 f5 21. Nh6+
Kh8 22. exf5 gxf5 23. d5 Rf6 24. Nxf5 Nxf5 25. Bxf5 Rxf5 26. dxc6 Bxc6 27. Qc3+
Nf6 28. Qxc6 Qxc6 29. Rxc6 Ra8 30. Rc2 b4 31. Nd4 Rfa5 32. Ra1 Nd5 33. g3 Ra3
34. h4 Kg8 35. Kh2 Kf7 36. Kh3 R8a5 37. Rd2 Ke8 38. Nc2 Rxa2 39. Rxa2 Rxa2 40.
Rxd5 Rxc2 41. Rb5 Rb2 42. Rxb4 Kf7 43. Kg4 Kf6 44. Rb5 e6 45. Rb6 Rd2 46. Rb7
h6 47. Kh5 e5 48. fxe5+ dxe5 49. Rb6+ Kf5 50. Rxh6 Rg2 51. g4+ Kf4 52. Rf6+ Kg3
53. Rc6 e4 54. g5 e3 55. Re6 e2 56. g6 Kf4 57. Re8 Kf5 58. b4 Rxg6 59. Rxe2 Rb6
60. Rf2+ Ke4 61. Rb2 Kf5 62. b5 Kf4 63. Rb4+ Kf5 64. Rg4 Rb8 65. Rg5+ Kf4 66.
Kg6 Rg8+ 67. Kf6 Rh8 68. Rc5 Ke4 69. h5 Rh6+ 70. Kg7 Rb6 71. h6 Rb7+ 72. Kf8
Rb8+ 73. Ke7 Kf4 74. Kd7 1-0

[Event "4th Timisoara Cup B"]
[Site "?"]
[Date "2009.08.04"]
[Round "?"]
[White "Uta, Adeline-Ramona"]
[Black "Florescu, Codrut-Constantin"]
[Result "0-1"]
[WhiteElo "2076"]
[BlackElo "2261"]
[PlyCount "100"]
[EventDate "2009.??.??"]

1. e4 c5 2. Nf3 e6 3. d4 cxd4 4. Nxd4 Qb6 5. Nc3 Bc5 6. Na4 Qa5+ 7. c3 Bxd4 8.
Qxd4 Nf6 9. Nc5 Nc6 10. Qe3 b6 11. Nb3 Qa4 12. f3 Ba6 13. Bxa6 Qxa6 14. Qe2
Qxe2+ 15. Kxe2 d5 16. exd5 Nxd5 17. a4 a5 18. Rd1 Ne5 19. Nd4 Rc8 20. Nb5 Ke7
21. f4 Nd7 22. g3 h5 23. Be3 h4 24. g4 Rc4 25. Rd4 Rxd4 26. Nxd4 Rc8 27. Nb5
Rc4 28. Kf3 Nxe3 29. Kxe3 Nf6 30. Kf3 e5 31. fxe5 Nxg4 32. h3 Nxe5+ 33. Ke3 f5
34. Rf1 f4+ 35. Rxf4 Rxf4 36. Kxf4 Nd3+ 37. Kg5 Nxb2 38. Kxh4 Nxa4 39. Kg5 Nb2
40. Kg6 Kf8 41. h4 Nc4 42. Nd4 a4 43. h5 a3 44. h6 gxh6 45. Kxh6 a2 46. Nb3 Ke7
47. Kg5 Kd6 48. Kf4 Kd5 49. Na1 Na5 50. Ke3 Kc4 0-1

[Event "II ROMGAZ Open"]
[Site "Bucharest ROU"]
[Date "2008.09.13"]
[Round "3.33"]
[White "Tuchila, Vasile"]
[Black "Florescu, Codrut-Constantin"]
[Result "0-1"]
[WhiteElo "2063"]
[BlackElo "2294"]
[PlyCount "90"]
[EventDate "2008.09.11"]
[EventRounds "9"]
[EventCountry "ROM"]

1. e4 c5 2. Nf3 e6 3. d4 cxd4 4. Nxd4 Nf6 5. Nc3 d6 6. Bg5 Be7 7. Qd2 a6 8. f4
Qc7 9. O-O-O O-O 10. Nf3 Nbd7 11. Bd3 b5 12. h3 Bb7 13. Qe3 b4 14. Ne2 e5 15.
Kb1 Rfe8 16. Ng3 h6 17. Bh4 d5 18. f5 Rac8 19. Rhe1 a5 20. Rc1 a4 21. c4 Nxe4
22. cxd5 Nec5 23. Bxe7 Rxe7 24. Bc4 e4 25. Nh5 a3 26. b3 Qd6 27. Rcd1 Na4 28.
Qd4 Nc3+ 29. Ka1 f6 30. Rc1 Rxc4 31. Qxc4 exf3 32. Rxe7 Qxe7 33. d6+ Qf7 34.
Qxf7+ Kxf7 35. gxf3 Bxf3 36. Ng3 Ke8 37. Rf1 Ne5 38. Rf2 Kd7 39. Rd2 Nd5 40.
Nf1 Be4 41. Rd4 Bg2 42. Ng3 Kxd6 43. h4 Kc5 44. Rd2 Bf3 45. Rf2 Kd4 0-1

[Event "II ROMGAZ Open"]
[Site "Bucharest ROU"]
[Date "2008.09.16"]
[Round "6.30"]
[White "Florescu, Codrut-Constantin"]
[Black "Apostu, Toader"]
[Result "1-0"]
[WhiteElo "2294"]
[BlackElo "2138"]
[PlyCount "65"]
[EventDate "2008.09.11"]
[EventRounds "9"]
[EventCountry "ROM"]

1. d4 d6 2. e4 Nd7 3. f4 c6 4. Nf3 Qc7 5. c4 e5 6. Nc3 Ngf6 7. Be2 Be7 8. O-O
O-O 9. Kh1 Re8 10. Ng5 Bf8 11. fxe5 dxe5 12. d5 a5 13. Be3 h6 14. Nf3 Bc5 15.
Qd2 Bxe3 16. Qxe3 Ng4 17. Qg1 Qd6 18. Nh4 Nc5 19. h3 Nf6 20. Qe3 Na6 21. Rf2
Nh7 22. Raf1 Rf8 23. Na4 Qe7 24. Nb6 Rb8 25. Nxc8 Rbxc8 26. Nf5 Qd8 27. Qg3 Qf6
28. Qa3 c5 29. d6 Kh8 30. Ne7 Qxd6 31. Nxc8 Rxc8 32. Rxf7 Nf6 33. Qg3 1-0

[Event "II ROMGAZ Open"]
[Site "Bucharest ROU"]
[Date "2008.09.17"]
[Round "7.17"]
[White "Zinchenko, Yaroslav"]
[Black "Florescu, Codrut-Constantin"]
[Result "1-0"]
[WhiteElo "2523"]
[BlackElo "2294"]
[PlyCount "81"]
[EventDate "2008.09.11"]
[EventRounds "9"]
[EventCountry "ROM"]

1. e4 c5 2. Nf3 e6 3. d4 cxd4 4. Nxd4 Nf6 5. Nc3 d6 6. Be3 a6 7. g4 h6 8. Bg2
Qc7 9. h3 Nc6 10. f4 Bd7 11. Qe2 Na5 12. O-O-O Nc4 13. Kb1 Rc8 14. Bc1 b5 15.
Rhe1 Be7 16. e5 dxe5 17. fxe5 Nh7 18. Nd5 Qc5 19. Nb3 Qa7 20. Nxe7 Kxe7 21. h4
Nf8 22. h5 a5 23. g5 a4 24. Nd4 Qc5 25. Qe4 Qb4 26. g6 fxg6 27. hxg6 Ke8 28. c3
Qc5 29. a3 h5 30. Rd3 h4 31. Rf3 Rh5 32. Ref1 Rh8 33. Re1 Rh5 34. Qf4 Nxe5 35.
Rxe5 Rxe5 36. Qf7+ Kd8 37. Qxg7 Nxg6 38. Qxg6 Re1 39. Rf7 Rg1 40. Qf6+ Kc7 41.
Nxe6+ 1-0